| 000 | 00435nam a2200121 a 4500 | ||
|---|---|---|---|
| 008 | 120416s9999 xx |||||||||||||| || u | ||
| 050 | _aTS 171 Pap | ||
| 100 | _aPapanek, Victor | ||
| 245 | 1 | 0 | _aDesign for the real world |
| 246 | _ahuman ecology and social change | ||
| 350 | _a0.00 | ||
| 995 |
_D0.00 _FCBU-MAIN LIBRARY (Kitwe) _H1 _I3.75 _UAVAILABLE _ZAnnex Low-Usage Collection |
||
| 999 |
_c39691 _d39691 |
||